000 00804nas a2200265 4500
001 BR0302589
003 BR-BrBNA
005 20231205103816.0
007 ta
008 230509b bl.|||p| |||| 00| 00por d
040 _aBR-BrBNA
_bpor
_cBiblioteca Nacional de Agricultura
041 _a(Pt)
072 _aF30; F63
100 1 _aLobo, C.A.
100 1 _aDornelas, M.C.
245 1 _aBiologia molecular do desenvolvimento reprodutivo em Pinus
650 _aPINHEIRO
650 _aÁRVORE CONÍFERA
650 _aREPRODUÇÃO VEGETAL
650 _aBIOTECNOLOGIA
650 _aBIOLOGIA MOLECULAR
773 0 _tBiotecnologia Ciência e Desenvolvimento (Brazil)
_xISSN 1414-4522
_g(Sep-Oct 2002), v. 5(28) p. 40-43
_wBR0302589
909 _a202311
_bLúcia
_c55
_dLúcia Elande
942 _2AGRIS
_n0
_cANA
999 _c174841
_d174841